| 000 | 00644cab a2200181 4500 | ||
|---|---|---|---|
| 001 | ##L132065 | ||
| 008 | 051222n2005 000 0 eng u | ||
| 035 | _a(Sirsi) u132065 | ||
| 041 | 0 | _aeng | |
| 100 | 1 | _aRawlinson, Simon | |
| 245 | 0 | 0 |
_aDatafile _bcost model |
| 260 | _c2005 | ||
| 490 | 0 |
_aBuilding _v270(8410) 9 December 2005, 50-55(6) |
|
| 520 | _aExamines the practicalities and costs of mixed-use retail/residential city centre schemes. Discusses the opportunities for mixed-use developments, value drivers, design solutions and cost breakdowns. | ||
| 590 | _aIKA030106 | ||
| 690 | _aBUILT ENVIRONMENT-BUILDING COSTS | ||
| 942 | _n0 | ||
| 999 |
_c76315 _d76315 |
||